Илиада (Запис номер 119978)
[ съкратено ]
| 000 -Лидер | |
|---|---|
| Контролно поле с фиксирана дължина | nam a22 a 4500 |
| 003 - Код на организацията, давaща контролен номер | |
| Контролно поле | BLK |
| 005 - Дата и час на последна редакция | |
| Контролно поле | 20220701140903.0 |
| 008 - Елементи от данни с фиксирана дължина | |
| fixed length control field | 180409b bul|||||r ||||||| ||bul|| |
| 010 ## - Наследен системен номер | |
| LC control number | KNG00125594000 |
| 040 ## - Източник на каталожния запис | |
| Идентификатор на билиотеката - собственик на записа | BLK |
| 041 ## - Код за език | |
| Код за езика на текст/звукозапис или на отделно заглавие | Български |
| Код за езика КДБФ | Български |
| 080 ## - УДК | |
| Текстов определител УДК | Класическа гръцка литература. Старогръцка литература |
| УДК код - определител по УДК | 821.142 |
| УДК определител | -1 |
| УДК - код + определител | 821.142-1 |
| 100 1# - Редна дума - Автор | |
| Автор | Омир |
| Авторска отговорност | първи автор |
| R(LIN) | 104719 |
| 139 ## - Редно поле | |
| Редна дума | Омир |
| Авторски знак | Омир - О 56 |
| 245 10 - Сведения за заглавието | |
| Заглавие | Илиада |
| Подзаглавни данни | Поема |
| Редно поле (дума) | Омир; прев. от старогр. Александър Милев; прев. от старогр. Блага Димитрова; ред. кол. Веселин Ханчев; |
| 250 ## - Област на изданието | |
| Сведения за изданието | 2. изд. |
| 257 ## - Страна на издаване | |
| Страна на създаване/издаване | Гърция |
| 260 ## - Област на издателските данни | |
| Име на издателя, разпространителя и проч. | Нар. култура |
| Година на издаване | 1971 |
| Място на издаване, разпространение и проч. | София |
| 300 ## - Физическа характеристика | |
| Страници | 564 с. |
| Илюстрации и др. | с ил. |
| Размери/Мащаб | 25 см |
| 380 ## - Жанр | |
| Жанр | Худож. лит. |
| 500 ## - Общи забележки | |
| Забележка | Ориг. загл. Ilias - 1. изд. 1969. |
| 653 ## - Ключова дума – ненормативна | |
| Ключова дума | поеми |
| 700 1# - Други автори (авторска отговорност) | |
| Лично име | Милев, Александър |
| Автороска отговорност (Описва отношението между автора и произведението) | прев. от старогр. |
| Друга информация | Иванов, Александър Милев |
| 9 (RLIN) | 365434 |
| 700 1# - Други автори (авторска отговорност) | |
| Лично име | Димитрова, Блага |
| Автороска отговорност (Описва отношението между автора и произведението) | прев. от старогр. |
| 9 (RLIN) | 368072 |
| 700 1# - Други автори (авторска отговорност) | |
| Лично име | Ханчев, Веселин |
| Автороска отговорност (Описва отношението между автора и произведението) | ред. кол. |
| 9 (RLIN) | 376824 |
| 852 ## - Местоположение | |
| Форматна сигнатура | Цб 57536 |
| 856 4# - Електронен адрес и достъп | |
| Електронен формат | pdf - файл |
| 856 4# - Електронен адрес и достъп | |
| Електронен формат | pdf - файл |
| 999 ## - СИСТЕМНИ КОНТРОЛНИ НОМЕРА | |
| Koha biblionumber | 119978 |
| Koha biblioitemnumber | 119978 |
| 942 ## - АРТИКУЛИ | |
| Вид на библиотечния материал | Книги |
| Скрит в OPAC | Не |
| Koha issues (borrowed), all copies | 1 |
| Периодичен библиозапис | Да |
| 944 ## - СЪЗДАВАНЕ И РЕДАКЦИЯ на ЗАПИСА | |
| Създаване/Редакция | Създаване |
| Дата на регистрацията/редакция | 09.09.2011 |
| Статус, дата на статуса | ф / 09.09.2011 |
| Служител, извършил регистрацията/редакцията | Людмила_Стоянова |
| 944 ## - СЪЗДАВАНЕ И РЕДАКЦИЯ на ЗАПИСА | |
| Създаване/Редакция | Редакция |
| Дата на регистрацията/редакция | 16.02.2018 |
| Статус, дата на статуса | ф / 09.09.2011 |
| Служител, извършил регистрацията/редакцията | Теодора_Стоянова |
| 999 ## - СИСТЕМНИ КОНТРОЛНИ НОМЕРА | |
| Koha biblioitemnumber | 119978 |
| Код за отписване | Код за изгубен артикул | Източник на класификационната схема | Код за повреда | Коз за рестрикции | Код за отдаване | Артикулен № | Име на библиотеката - собственик | Име на библиотеката, в която се намира в момента | Статус (Текущо местоположение) | Дата на вписване в системата | Местоположение - отдел | Цена в лева | Инвентарен номер | Систематично азбучна сигнатура | Баркод | Номер на екземпляра | Цена в евро | Служебна бележка | Служебен тип на артикула | Бележка за публиката |
|---|---|---|---|---|---|---|---|---|---|---|---|---|---|---|---|---|---|---|---|---|
| Изтеглен | Не е изгубен | Universal Decimal Classification | Не е повреден | без рестрикции | заемане за дома | 193559 | Регионална библиотека "Любен Каравелов" Русе | Регионална библиотека "Любен Каравелов" Русе | Заемна - подръчен фонд | 2011-09-07 | Заемна - подръчен фонд | 10.00 | 120000752891 | П 875-1/О 56 | 120000752891 | 1 | 5.11 | Дост: DA Вид: А N: 14 Дата: 07.09.2011 Дата инв: 16.02.2018 Бележки инв: П2018 | Книги | |
| Не е изгубен | Universal Decimal Classification | Не е повреден | само за читалня | ползва се в читалня | 193560 | Регионална библиотека "Любен Каравелов" Русе | Регионална библиотека "Любен Каравелов" Русе | Хранилище | 1971-01-01 | Хранилище | 3.16 | 91392 | Цб 57536 | 120000091392 | 2 | 1.62 | Дост: Dp Вид: Д N: стар фонд Дата: 01.01.1971 | Книги | ||
| Изтеглен | Не е изгубен | Не е повреден | без рестрикции | заемане за дома | 193561 | Регионална библиотека "Любен Каравелов" Русе | Регионална библиотека "Любен Каравелов" Русе | 1971-01-01 | Заемна - подръчен фонд | 3.16 | 91660 | П 875-1/О 56 | 91660 | 3 | 1.62 | Дост: Pk Вид: Ф N: стар фонд Дата: 01.01.1971 | Книги | Отч.N: 22/2018 , Дата: 26.03.2018 |